Normal view
MARC view
- Veracruz.
Entry Nombre Corporativo
001 - NÚMERO DE CONTROL
- campo de control: 51720
003 - IDENTIFICADOR DE NUMERO DE CONTROL
- campo de control: UPN
005 - FECHA Y HORA DE LA ÜLTIMA TRANSACCIÓN
- campo de control: 20240425113739.0
008 - DATOS DE LONGITUD FIJA
- campo de control de longitud fija: 240425|| acn||aabn | a|d d
040 ## - FUENTE DE CATALOGACIÓN
- Agencia original de catalogación: MX-MxUPN
- Lenguaje de catalogación: spa
- Agencia transcribe: MX-MxUPN
110 1# - ENCABEZAMIENTO - NOMBRE CORPORATIVO
- Nombre corporativo o de jurisdicción como elemento de entrada : Veracruz.
- Unidad subordinada: Dirección General de Educación
670 ## - FUENTE EN LA QUE SE LOCALIZARON DATOS
- Cita de la fuente : El estado de Veracruz, 1924 :
- Información localizada: portada (sello con tinta Dirección General de Educación del Estado de Veracruz)
902 ## - CATALOGADOR
- Catalogador: MaríaRobles/250424
